Movies Quiz

Random Movies or Song Quiz

Lion King (1+2) Songs Quiz Stats

 Plays Quiz not verified by Sporcle

Challenge
Share
Tweet
Embed
Score 0/11 Timer 05:00
0 Plays Today
Singer(s) Song % Correct
Movie OpenerCircle of Life
95%
Timon+PumbaaHakuna Matata
92.8%
Simba + NalaCan you feel the love tonight?
91%
Simba+Nala+ZazuI just can't wait to be king
90.8%
Scar + HyenasBe prepared
89.2%
Simba + KiaraWe are one
79.1%
RafikiUpendi
71.2%
Movie OpenerHe lives in you
70.3%
Kiara + KovuLove will Find a Way
64.3%
Zira+Nuka+VitaniMy Lullaby
61.5%
Simba's PrideOne of Us
58.7%

You're not logged in!

Compare scores with friends on all Sporcle quizzes.
OR
Log In

You Might Also Like...

Show Comments

Extras

Top Quizzes Today


Score Distribution

Your Account Isn't Verified!

In order to create a playlist on Sporcle, you need to verify the email address you used during registration. Go to your Sporcle Settings to finish the process.

Report this User

Report this user for behavior that violates our Community Guidelines.

Details: